| 000 | 00881cam a2200229 a 4500 | ||
|---|---|---|---|
| 001 | 000005635 | ||
| 005 | 20200929151728.0 | ||
| 008 | 000425s1999 mx bd b 101 0 spa | ||
| 020 | _a9686384391 | ||
| 040 |
_aDO-SdBNP _cDLC _dDLC |
||
| 050 | 0 | 0 |
_aGF514 _b.E77 1999 |
| 082 |
_a304.2/098 _bE82h |
||
| 245 | 0 | 0 |
_aEstudios sobre historia y ambiente en América / _ccompiladores, Bernardo Gracía Martínez y Alba González Jácome. |
| 260 |
_aMéxico : _bInstituto Panamericano de Geografía e Historia : _bEl Colegio de México, _c1999. |
||
| 300 |
_a296 p. : _bmaps., grafs. ; _c23 cm. |
||
| 504 | _aIncluye referencias bibliográficas. | ||
| 650 | 0 |
_aHuman ecology _zLatin America _xHistory. _915921 |
|
| 651 | 0 |
_aLatin America _xHistory. _94136 |
|
| 700 | 1 |
_aGarcía Martínez, Bernardo. _915922 |
|
| 700 | 1 |
_aGonzález Jácome, Alba. _915923 |
|
| 910 | _aCatalogación por copia / LC | ||
| 999 |
_c5434 _d5434 |
||